Politický okres moravskoostravský

Hlavní autor: Plesinger, Václav, -1937
Jazyk: Čeština
Vydáno: Budyně n. Ohří : Václav Plesinger, [mezi 1922 a 1935]
Edice: Plesingrovy mapy pol. okresů moravských
Témata:
Externí odkaz: Digitalizovaný dokument
Fyzický popis: 1 mapa : barev. ; 27 x 36 cm, na listu 29 x 39 cm
Mapy
Uloženo v:
LEADER 01446nem a2200325 a 4500
001 001207542
003 CZ BrMZK
005 20151119092140.0
007 aj ca|||
008 010907q19221935xr g a 0 cze d
034 1 |a a  |b 200000  |d E0174345  |e E0184155  |f N0495858  |g N0493024 
040 |a BOA001  |b cze  |c BOA001 
043 |a e-xr---  |b e-xr-mo  |2 czenas 
072 7 |a 913(437)  |x Geografie Česka a Slovenska, reálie, cestování  |2 Konspekt  |9 7 
072 7 |a 912  |x Mapy. Atlasy. Glóby  |2 Konspekt  |9 7 
080 |a 913(437.326)  |2 MRF 
080 |a (084.3)  |2 MRF 
100 1 |a Plesinger, Václav,  |d -1937  |7 jk01093401  |4 aut 
245 1 0 |a Politický okres moravskoostravský  |h [kartografický dokument] /  |c nakreslil V. Plesinger 
255 |a Měřítko 1:200 000  |c (017°43´45" v.d.--018°41´55" v.d./049°58´58" s.š.--049°30´24" s.š.) 
260 |a Budyně n. Ohří :  |b Václav Plesinger,  |c [mezi 1922 a 1935] 
300 |a 1 mapa :  |b barev. ;  |c 27 x 36 cm, na listu 29 x 39 cm 
490 1 |a Plesingrovy mapy pol. okresů moravských ;  |v 15 
655 7 |a politické a správní mapy  |7 fd133032  |2 czenas 
651 7 |a Moravská Ostrava (Ostrava, Česko)  |7 ge128518  |2 czenas 
651 7 |a Ostrava (Česko : oblast)  |7 ge130341  |2 czenas 
830 0 |a Plesingrovy mapy pol. okresů moravských 
856 4 1 |u http://www.digitalniknihovna.cz/mzk/uuid/uuid:debe60de-9bed-45ea-b2be-75e6fe2106b3  |y Digitalizovaný dokument 
910 |a BOA001  |b Mpa-0089.283,15 
990 |a MP